000 00540nam a2200205 a 4500
001 11604
003 CO-ViMGA
008 141112s2004 ck r 000 u spa d
020 _a9800101209
040 _aCO-ViMGA
_bspa
_cCO-ViMGA
082 0 4 _aB 863.6 P15aL
100 1 _aPalacios, Antonia
_916165
245 1 0 _aAna Isabel, una niña decente
250 _a10
260 _aCaracas,
_cMonta Avila editores,
_c1990
300 _a147 p.
490 _aColección el dorado
650 1 4 _aNOVELA VENEZOLANA SIGLO XX
_916166
942 _2ddc
_cBK
999 _c22793
_d22793